[Event "9 Round Open"]
[Site "Enniscrone, Sligo, IE"]
[Date "2026.02.03"]
[Round "2"]
[White "Saine, Zachary"]
[Black "Blohberger, Felix"]
[Result "1/2-1/2"]
[Board "1"]
[WhiteFideId "2624346"]
[BlackFideId "1632051"]
[BlackTitle "GM"]
[WhiteElo "2149"]
[BlackElo "2543"]
[WhiteTeam "CAN"]
[BlackTeam "AUT"]
[WhiteClock "0:01:12"]
[BlackClock "0:02:09"]
[Variant "Standard"]

1. e4 {[%clk 1:17:30]}  c5 {[%clk 1:30:54]} 2. Nf3 {[%clk 1:17:56]}  d6 {[%clk 1:31:21]} 3. d4 {[%clk 1:18:20]}  cxd4 {[%clk 1:31:46]} 4. Nxd4 {[%clk 1:18:45]}  Nf6 {[%clk 1:32:12]} 5. Nc3 {[%clk 1:19:07]}  a6 {[%clk 1:32:39]} 6. f3 {[%clk 1:15:56]}  e5 {[%clk 1:32:19]} 7. Nb3 {[%clk 1:16:20]}  Be6 {[%clk 1:32:19]} 8. Be3 {[%clk 1:16:27]}  Be7 {[%clk 1:31:07]} 9. Qd2 {[%clk 1:16:43]}  h5 {[%clk 1:31:06]} 10. Be2 {[%clk 1:16:59]}  Nbd7 {[%clk 1:28:05]} 11. Nd5 {[%clk 1:16:08]}  Bxd5 {[%clk 1:25:30]} 12. exd5 {[%clk 1:15:58]}  Qc7 {[%clk 1:23:36]} 13. c4 {[%clk 1:12:56]}  a5 {[%clk 1:22:07]} 14. a4 {[%clk 1:10:51]}  g6 {[%clk 1:09:19]} 15. O-O {[%clk 1:10:00]}  b6 {[%clk 1:08:38]} 16. Nc1 {[%clk 1:07:02]}  Nc5 {[%clk 1:07:53]} 17. b4 {[%clk 1:01:56]}  axb4 {[%clk 1:07:32]} 18. Qxb4 {[%clk 1:02:19]}  O-O {[%clk 1:07:06]} 19. Nb3 {[%clk 1:02:01]}  Nfd7 {[%clk 0:48:53]} 20. Rfb1 {[%clk 1:00:01]}  Ra6 {[%clk 0:45:46]} 21. Nxc5 {[%clk 0:48:58]}  Nxc5 {[%clk 0:46:05]} 22. Bxc5 {[%clk 0:47:16]}  dxc5 {[%clk 0:40:45]} 23. Qd2 {[%clk 0:46:12]}  Bd6 {[%clk 0:38:48]} 24. Bd1 {[%clk 0:34:13]}  e4 {[%clk 0:37:35]} 25. fxe4 {[%clk 0:34:07]}  Bxh2+ {[%clk 0:37:56]} 26. Kh1 {[%clk 0:34:29]}  Bd6 {[%clk 0:28:37]} 27. Ra3 {[%clk 0:30:03]}  Re8 {[%clk 0:28:02]} 28. Bc2 {[%clk 0:28:25]}  Re5 {[%clk 0:26:27]} 29. Rf1 {[%clk 0:27:11]}  Qe7 {[%clk 0:21:11]} 30. Qf2 {[%clk 0:25:12]}  f5 {[%clk 0:14:40]} 31. Qg3 {[%clk 0:14:55]}  Kg7 {[%clk 0:11:19]} 32. exf5 {[%clk 0:08:21]}  Rxf5 {[%clk 0:11:24]} 33. Qe1 {[%clk 0:08:15]}  Rxf1+ {[%clk 0:05:48]} 34. Qxf1 {[%clk 0:08:41]}  Ra8 {[%clk 0:06:02]} 35. g3 {[%clk 0:02:41]}  Rf8 {[%clk 0:04:37]} 36. Qa1+ {[%clk 0:00:52]}  Kh7 {[%clk 0:03:49]} 37. Qd1 {[%clk 0:00:51]}  Qe5 {[%clk 0:03:10]} 38. Rf3 {[%clk 0:00:42]}  Kg7 {[%clk 0:02:11]} 39. Kg2 {[%clk 0:00:46]}  Rxf3 {[%clk 0:00:39]} 40. Qxf3 {[%clk 0:01:13]}  Qg5 {[%clk 0:00:44]} 41. Kh3 {[%clk 0:01:06]}  Qc1 {[%clk 0:00:38]} 42. Qe4 {[%clk 0:01:06]}  Qf1+ {[%clk 0:00:57]} 43. Kh4 {[%clk 0:00:35]}  Qf6+ {[%clk 0:00:54]} 44. Kh3 {[%clk 0:01:01]}  Be5 {[%clk 0:00:39]} 45. Bd3 {[%clk 0:01:12]}  Qg5 {[%clk 0:00:42]} 46. Qf3 {[%clk 0:01:20]}  Bd6 {[%clk 0:00:49]} 47. Bc2 {[%clk 0:01:22]}  Qe5 {[%clk 0:00:59]} 48. Qd3 {[%clk 0:01:20]}  Qf6 {[%clk 0:01:11]} 49. Qe4 {[%clk 0:01:19]}  Qg5 {[%clk 0:00:51]} 50. Qf3 {[%clk 0:01:14]}  Be5 {[%clk 0:00:38]} 51. Bd3 {[%clk 0:01:29]}  Qe7 {[%clk 0:00:46]} 52. Qe4 {[%clk 0:01:42]}  Qf6 {[%clk 0:01:07]} 53. Qe3 {[%clk 0:01:26]}  Qe7 {[%clk 0:00:44]} 54. Qe4 {[%clk 0:01:49]}  Qd6 {[%clk 0:00:51]} 55. Bc2 {[%clk 0:02:09]}  Qf6 {[%clk 0:00:39]} 56. Bd3 {[%clk 0:01:54]}  Kf7 {[%clk 0:02:32]} 57. Kg2 {[%clk 0:02:00]}  Qg5 {[%clk 0:02:48]} 58. Qf3+ {[%clk 0:02:21]}  Kg7 {[%clk 0:02:09]} 59. Kh3 {[%clk 0:01:12]} 1/2-1/2

[Event "9 Round Open"]
[Site "Enniscrone, Sligo, IE"]
[Date "2026.02.03"]
[Round "2"]
[White "Krastev, Alexander"]
[Black "Hushpit, Lukian"]
[Result "1-0"]
[Board "2"]
[WhiteFideId "12989983"]
[BlackFideId "14189208"]
[WhiteTitle "IM"]
[WhiteElo "2433"]
[BlackElo "2100"]
[WhiteTeam "GER"]
[BlackTeam "IRL"]
[WhiteClock "0:15:34"]
[BlackClock "0:02:04"]
[Variant "Standard"]

1. e4 {[%clk 1:27:20]}  e5 {[%clk 1:29:29]} 2. Nf3 {[%clk 1:27:43]}  Nc6 {[%clk 1:29:49]} 3. Bb5 {[%clk 1:28:10]}  a6 {[%clk 1:30:11]} 4. Ba4 {[%clk 1:28:37]}  Nf6 {[%clk 1:30:13]} 5. O-O {[%clk 1:29:02]}  Be7 {[%clk 1:30:08]} 6. d3 {[%clk 1:29:26]}  b5 {[%clk 1:29:43]} 7. Bb3 {[%clk 1:29:52]}  d6 {[%clk 1:29:40]} 8. a3 {[%clk 1:30:17]}  O-O {[%clk 1:25:46]} 9. Nc3 {[%clk 1:30:36]}  h6 {[%clk 1:06:14]} 10. Be3 {[%clk 1:29:16]}  Bb7 {[%clk 1:02:32]} 11. Nd5 {[%clk 1:27:20]}  Nxd5 {[%clk 0:46:41]} 12. Bxd5 {[%clk 1:25:36]}  Rb8 {[%clk 0:44:03]} 13. c4 {[%clk 1:09:48]}  Qd7 {[%clk 0:38:38]} 14. Rc1 {[%clk 0:45:00]}  Nd8 {[%clk 0:19:41]} 15. Bxb7 {[%clk 0:43:43]}  Rxb7 {[%clk 0:18:29]} 16. c5 {[%clk 0:41:15]}  Nc6 {[%clk 0:11:04]} 17. Qb3 {[%clk 0:28:08]}  Rd8 {[%clk 0:04:05]} 18. cxd6 {[%clk 0:26:57]}  Qxd6 {[%clk 0:01:01]} 19. Qc3 {[%clk 0:17:06]}  Nd4 {[%clk 0:00:57]} 20. Bxd4 {[%clk 0:17:35]}  exd4 {[%clk 0:01:18]} 21. Qc6 {[%clk 0:18:04]}  Qxc6 {[%clk 0:00:42]} 22. Rxc6 {[%clk 0:18:33]}  a5 {[%clk 0:00:57]} 23. Rfc1 {[%clk 0:18:58]}  b4 {[%clk 0:00:51]} 24. a4 {[%clk 0:17:26]}  Rc8 {[%clk 0:00:38]} 25. b3 {[%clk 0:17:38]}  Bf6 {[%clk 0:00:39]} 26. R1c5 {[%clk 0:13:28]}  Ra7 {[%clk 0:00:46]} 27. e5 {[%clk 0:13:54]}  Be7 {[%clk 0:01:01]} 28. Rd5 {[%clk 0:14:23]}  Rd8 {[%clk 0:00:37]} 29. Rxd8+ {[%clk 0:14:52]}  Bxd8 {[%clk 0:01:05]} 30. Nxd4 {[%clk 0:14:21]}  Kf8 {[%clk 0:01:05]} 31. Nb5 {[%clk 0:15:38]}  Rb7 {[%clk 0:01:30]} 32. d4 {[%clk 0:16:03]}  Ke7 {[%clk 0:01:49]} 33. f4 {[%clk 0:15:49]}  Kd7 {[%clk 0:02:04]} 34. d5 {[%clk 0:16:15]}  Be7 {[%clk 0:02:17]} 35. Kf2 {[%clk 0:14:50]}  Kd8 {[%clk 0:01:26]} 36. Ke3 {[%clk 0:13:57]}  Rb6 {[%clk 0:01:47]} 37. Rxb6 {[%clk 0:14:22]}  Bc5+ {[%clk 0:02:11]} 38. Ke4 {[%clk 0:14:49]}  Bxb6 {[%clk 0:02:37]} 39. Nd4 {[%clk 0:15:16]}  g6 {[%clk 0:02:17]} 40. Nc6+ {[%clk 0:15:42]}  Kd7 {[%clk 0:02:34]} 41. g4 {[%clk 0:16:01]}  Bg1 {[%clk 0:02:28]} 42. h3 {[%clk 0:16:24]}  Bb6 {[%clk 0:02:44]} 43. Kd3 {[%clk 0:14:50]}  h5 {[%clk 0:01:22]} 44. gxh5 {[%clk 0:15:09]}  gxh5 {[%clk 0:01:45]} 45. Ke4 {[%clk 0:15:34]}  h4 {[%clk 0:02:04]} 1-0

[Event "9 Round Open"]
[Site "Enniscrone, Sligo, IE"]
[Date "2026.02.03"]
[Round "2"]
[White "Ivanov, Andrey A."]
[Black "Risteski, Emil"]
[Result "0-1"]
[Board "3"]
[WhiteFideId "2514311"]
[BlackFideId "15005267"]
[WhiteTitle "CM"]
[BlackTitle "IM"]
[WhiteElo "2093"]
[BlackElo "2410"]
[WhiteTeam "IRL"]
[BlackTeam "MKD"]
[WhiteClock "0:01:01"]
[BlackClock "0:48:43"]
[Variant "Standard"]

1. d4 {[%clk 1:30:54]}  g6 {[%clk 1:26:49]} 2. c4 {[%clk 1:31:18]}  Bg7 {[%clk 1:27:14]} 3. Nc3 {[%clk 1:31:43]}  c5 {[%clk 1:27:40]} 4. e3 {[%clk 1:28:57]}  cxd4 {[%clk 1:27:02]} 5. exd4 {[%clk 1:29:16]}  Nf6 {[%clk 1:27:15]} 6. Nf3 {[%clk 1:28:44]}  d5 {[%clk 1:26:08]} 7. cxd5 {[%clk 1:17:48]}  Nxd5 {[%clk 1:26:20]} 8. Bc4 {[%clk 1:17:47]}  Nxc3 {[%clk 1:25:15]} 9. bxc3 {[%clk 1:18:09]}  O-O {[%clk 1:25:29]} 10. O-O {[%clk 1:17:04]}  Qc7 {[%clk 1:23:51]} 11. Qb3 {[%clk 0:54:07]}  Nc6 {[%clk 1:20:51]} 12. Bxf7+ {[%clk 0:34:58]}  Rxf7 {[%clk 1:20:50]} 13. Ng5 {[%clk 0:35:21]}  e6 {[%clk 1:19:52]} 14. Nxf7 {[%clk 0:35:35]}  Kxf7 {[%clk 1:19:12]} 15. Qd1 {[%clk 0:30:42]}  Kg8 {[%clk 1:17:02]} 16. h4 {[%clk 0:29:23]}  Qf7 {[%clk 1:13:43]} 17. Re1 {[%clk 0:24:44]}  b6 {[%clk 1:10:16]} 18. Re3 {[%clk 0:21:26]}  Bb7 {[%clk 1:10:22]} 19. h5 {[%clk 0:21:09]}  Ne7 {[%clk 1:07:13]} 20. Qe2 {[%clk 0:15:59]}  Nf5 {[%clk 1:02:45]} 21. Rh3 {[%clk 0:14:45]}  Bd5 {[%clk 0:57:05]} 22. Ba3 {[%clk 0:12:40]}  Rc8 {[%clk 0:54:44]} 23. Re1 {[%clk 0:06:57]}  gxh5 {[%clk 0:52:14]} 24. Bb2 {[%clk 0:02:07]}  h4 {[%clk 0:50:43]} 25. Rc1 {[%clk 0:00:55]}  Qg6 {[%clk 0:50:16]} 26. f3 {[%clk 0:01:11]}  Bh6 {[%clk 0:49:41]} 27. Rc2 {[%clk 0:01:01]}  Nxd4 {[%clk 0:48:43]} 0-1

[Event "9 Round Open"]
[Site "Enniscrone, Sligo, IE"]
[Date "2026.02.03"]
[Round "2"]
[White "Willems, Niels"]
[Black "Barnes, Oliver"]
[Result "1-0"]
[Board "4"]
[WhiteFideId "20695586"]
[BlackFideId "2517604"]
[WhiteTitle "FM"]
[WhiteElo "2390"]
[BlackElo "2013"]
[WhiteTeam "FRA"]
[BlackTeam "IRL"]
[WhiteClock "0:50:15"]
[BlackClock "0:07:59"]
[Variant "Standard"]

1. c4 {[%clk 1:28:41]}  Nf6 {[%clk 1:30:22]} 2. Nc3 {[%clk 1:29:03]}  e6 {[%clk 1:30:27]} 3. Nf3 {[%clk 1:29:02]}  d5 {[%clk 1:30:29]} 4. e3 {[%clk 1:29:30]}  Bd6 {[%clk 1:29:53]} 5. b3 {[%clk 1:29:43]}  O-O {[%clk 1:29:45]} 6. Bb2 {[%clk 1:30:06]}  a6 {[%clk 1:29:58]} 7. Be2 {[%clk 1:29:24]}  Nbd7 {[%clk 1:28:15]} 8. O-O {[%clk 1:28:51]}  b6 {[%clk 1:27:03]} 9. cxd5 {[%clk 1:28:56]}  exd5 {[%clk 1:27:16]} 10. Rc1 {[%clk 1:29:05]}  Bb7 {[%clk 1:26:11]} 11. Re1 {[%clk 1:27:44]}  Re8 {[%clk 1:22:53]} 12. d3 {[%clk 1:25:31]}  Rc8 {[%clk 1:16:31]} 13. Bf1 {[%clk 1:24:57]}  c5 {[%clk 1:05:04]} 14. d4 {[%clk 1:24:53]}  c4 {[%clk 1:00:22]} 15. a4 {[%clk 1:25:12]}  cxb3 {[%clk 0:42:30]} 16. Qxb3 {[%clk 1:25:22]}  Ne4 {[%clk 0:37:11]} 17. Nxd5 {[%clk 1:03:17]}  Ndc5 {[%clk 0:28:09]} 18. dxc5 {[%clk 0:59:43]}  Bxd5 {[%clk 0:28:32]} 19. Qxb6 {[%clk 0:58:50]}  Nxc5 {[%clk 0:22:27]} 20. Qxd8 {[%clk 0:58:07]}  Rexd8 {[%clk 0:22:39]} 21. Ba3 {[%clk 0:53:54]}  a5 {[%clk 0:16:07]} 22. Red1 {[%clk 0:50:53]}  Bb3 {[%clk 0:10:25]} 23. Rd4 {[%clk 0:50:18]}  Ne6 {[%clk 0:06:20]} 24. Rxd6 {[%clk 0:49:18]}  Rxc1 {[%clk 0:06:41]} 25. Rxd8+ {[%clk 0:49:44]}  Nxd8 {[%clk 0:07:06]} 26. Bxc1 {[%clk 0:50:06]}  Bxa4 {[%clk 0:07:32]} 27. Bd2 {[%clk 0:50:14]}  Nc6 {[%clk 0:07:52]} 28. Nd4 {[%clk 0:50:19]}  Nb4 {[%clk 0:07:53]} 29. Bc4 {[%clk 0:50:14]}  Kf8 {[%clk 0:07:59]} 30. Nb3 {[%clk 0:50:15]} 1-0

[Event "9 Round Open"]
[Site "Enniscrone, Sligo, IE"]
[Date "2026.02.03"]
[Round "2"]
[White "Fernandez Manrique, Agustin"]
[Black "Collins, Adam"]
[Result "0-1"]
[Board "5"]
[WhiteFideId "2231000"]
[BlackFideId "2512300"]
[WhiteTitle "CM"]
[BlackTitle "FM"]
[WhiteElo "2038"]
[BlackElo "2312"]
[WhiteTeam "ESP"]
[BlackTeam "IRL"]
[WhiteClock "0:00:32"]
[BlackClock "0:07:33"]
[Variant "Standard"]

1. d4 {[%clk 1:30:58]}  d5 {[%clk 1:30:29]} 2. Nf3 {[%clk 1:31:15]}  Nf6 {[%clk 1:30:48]} 3. e3 {[%clk 1:31:20]}  c5 {[%clk 1:30:58]} 4. Bd3 {[%clk 1:29:29]}  Nc6 {[%clk 1:30:26]} 5. O-O {[%clk 1:29:25]}  Bg4 {[%clk 1:30:42]} 6. c3 {[%clk 1:24:37]}  e6 {[%clk 1:28:47]} 7. Nbd2 {[%clk 1:22:24]}  Bd6 {[%clk 1:24:29]} 8. dxc5 {[%clk 1:17:50]}  Bxc5 {[%clk 1:24:57]} 9. Qa4 {[%clk 1:18:07]}  O-O {[%clk 1:21:39]} 10. e4 {[%clk 1:10:28]}  Qc7 {[%clk 1:08:33]} 11. exd5 {[%clk 1:06:21]}  exd5 {[%clk 1:08:45]} 12. Ng5 {[%clk 0:56:18]}  Ne5 {[%clk 1:03:49]} 13. Qc2 {[%clk 0:50:33]}  Nxd3 {[%clk 0:58:30]} 14. Qxd3 {[%clk 0:51:00]}  Rfe8 {[%clk 0:58:48]} 15. Ngf3 {[%clk 0:49:15]}  Ne4 {[%clk 0:46:08]} 16. Nd4 {[%clk 0:44:23]}  Bh5 {[%clk 0:38:16]} 17. N2b3 {[%clk 0:33:19]}  Bb6 {[%clk 0:34:41]} 18. Be3 {[%clk 0:32:44]}  Bg6 {[%clk 0:32:12]} 19. Qd1 {[%clk 0:31:41]}  Qd7 {[%clk 0:31:21]} 20. Bf4 {[%clk 0:27:18]}  Nd6 {[%clk 0:29:43]} 21. Bxd6 {[%clk 0:19:23]}  Qxd6 {[%clk 0:30:12]} 22. Re1 {[%clk 0:16:32]}  Re4 {[%clk 0:29:37]} 23. f3 {[%clk 0:14:28]}  Rxe1+ {[%clk 0:24:24]} 24. Qxe1 {[%clk 0:14:56]}  Bc7 {[%clk 0:24:17]} 25. g3 {[%clk 0:14:16]}  h5 {[%clk 0:24:09]} 26. Nb5 {[%clk 0:10:51]}  Bb6+ {[%clk 0:24:12]} 27. Kg2 {[%clk 0:10:53]}  Qd7 {[%clk 0:22:47]} 28. N5d4 {[%clk 0:11:08]}  Re8 {[%clk 0:21:25]} 29. Qd2 {[%clk 0:10:54]}  a5 {[%clk 0:20:38]} 30. Ne2 {[%clk 0:07:02]}  Be3 {[%clk 0:18:20]} 31. Qd1 {[%clk 0:06:27]}  Qb5 {[%clk 0:17:45]} 32. a4 {[%clk 0:05:17]}  Qa6 {[%clk 0:17:14]} 33. Nbd4 {[%clk 0:05:16]}  Bd3 {[%clk 0:16:39]} 34. Nf4 {[%clk 0:04:36]}  Bxf4 {[%clk 0:15:43]} 35. gxf4 {[%clk 0:04:57]}  Qg6+ {[%clk 0:15:50]} 36. Kf2 {[%clk 0:04:14]}  Bc4 {[%clk 0:14:35]} 37. Qd2 {[%clk 0:03:58]}  Qf6 {[%clk 0:14:17]} 38. b3 {[%clk 0:03:05]}  Ba6 {[%clk 0:14:14]} 39. Kg2 {[%clk 0:03:12]}  Qe7 {[%clk 0:13:03]} 40. Rd1 {[%clk 0:02:19]}  b6 {[%clk 0:12:51]} 41. Nf5 {[%clk 0:01:42]}  Qf6 {[%clk 0:12:14]} 42. Nd4 {[%clk 0:02:01]}  Bc8 {[%clk 0:11:32]} 43. Re1 {[%clk 0:01:48]}  Rf8 {[%clk 0:11:05]} 44. Re5 {[%clk 0:02:10]}  Qh4 {[%clk 0:10:48]} 45. Nf5 {[%clk 0:01:35]}  Bxf5 {[%clk 0:10:43]} 46. Rxf5 {[%clk 0:02:04]}  Rd8 {[%clk 0:10:23]} 47. Qd4 {[%clk 0:01:21]}  Rd6 {[%clk 0:08:40]} 48. Rg5 {[%clk 0:01:14]}  g6 {[%clk 0:08:54]} 49. Rxd5 {[%clk 0:01:08]}  Rxd5 {[%clk 0:08:41]} 50. Qxd5 {[%clk 0:01:37]}  Qxf4 {[%clk 0:08:52]} 51. Qd8+ {[%clk 0:01:02]}  Kh7 {[%clk 0:09:03]} 52. Qd5 {[%clk 0:00:49]}  h4 {[%clk 0:07:47]} 53. Qd7 {[%clk 0:00:54]}  Qf6 {[%clk 0:07:27]} 54. Qd4 {[%clk 0:00:45]}  Qg5+ {[%clk 0:05:24]} 55. Kh3 {[%clk 0:00:57]}  Qf5+ {[%clk 0:04:36]} 56. Qg4 {[%clk 0:00:49]}  Qd5 {[%clk 0:04:52]} 57. Qxh4+ {[%clk 0:00:34]}  Kg8 {[%clk 0:05:21]} 58. Qe4 {[%clk 0:00:31]}  Qxb3 {[%clk 0:05:39]} 59. Qd4 {[%clk 0:00:34]}  Qe6+ {[%clk 0:05:09]} 60. Kg3 {[%clk 0:01:00]}  f6 {[%clk 0:04:58]} 61. Kf2 {[%clk 0:01:16]}  Kf7 {[%clk 0:04:55]} 62. Kg3 {[%clk 0:01:43]}  g5 {[%clk 0:04:38]} 63. Kf2 {[%clk 0:01:57]}  Qc6 {[%clk 0:04:22]} 64. Kg3 {[%clk 0:01:41]}  Qc7+ {[%clk 0:03:45]} 65. Kg2 {[%clk 0:02:08]}  Kg7 {[%clk 0:03:59]} 66. Kg1 {[%clk 0:00:57]}  Qb7 {[%clk 0:03:19]} 67. Kg2 {[%clk 0:00:54]}  b5 {[%clk 0:03:14]} 68. axb5 {[%clk 0:01:06]}  Qxb5 {[%clk 0:03:40]} 69. c4 {[%clk 0:01:23]}  Qb7 {[%clk 0:03:26]} 70. h4 {[%clk 0:00:59]}  gxh4 {[%clk 0:03:07]} 71. Qg4+ {[%clk 0:01:05]}  Kf8 {[%clk 0:03:08]} 72. Qxh4 {[%clk 0:01:03]}  Qb2+ {[%clk 0:03:13]} 73. Kh3 {[%clk 0:01:01]}  Qc3 {[%clk 0:03:15]} 74. Qe4 {[%clk 0:00:44]}  Qe5 {[%clk 0:03:06]} 75. Qc6 {[%clk 0:00:43]}  Ke7 {[%clk 0:03:20]} 76. Kg2 {[%clk 0:00:52]}  Qe2+ {[%clk 0:02:56]} 77. Kg3 {[%clk 0:01:07]}  Qe1+ {[%clk 0:03:13]} 78. Kg2 {[%clk 0:01:26]}  Qd2+ {[%clk 0:03:36]} 79. Kf1 {[%clk 0:01:32]}  Qd1+ {[%clk 0:03:24]} 80. Kf2 {[%clk 0:01:41]}  a4 {[%clk 0:03:29]} 81. Qc7+ {[%clk 0:01:50]}  Qd7 {[%clk 0:03:45]} 82. Qc5+ {[%clk 0:02:08]}  Ke6 {[%clk 0:03:52]} 83. Qb6+ {[%clk 0:01:37]}  Qd6 {[%clk 0:04:02]} 84. Qe3+ {[%clk 0:01:34]}  Qe5 {[%clk 0:03:14]} 85. Qb6+ {[%clk 0:01:55]}  Kf5 {[%clk 0:03:05]} 86. Qb1+ {[%clk 0:01:14]}  Kg5 {[%clk 0:02:48]} 87. Qc1+ {[%clk 0:01:06]}  Qf4 {[%clk 0:02:47]} 88. Qg1+ {[%clk 0:01:18]}  Kh6 {[%clk 0:02:13]} 89. Qh1+ {[%clk 0:00:37]}  Kg7 {[%clk 0:02:30]} 90. Qg1+ {[%clk 0:00:33]}  Kf7 {[%clk 0:02:50]} 91. Qb1 {[%clk 0:00:32]}  Qxc4 {[%clk 0:02:33]} 92. Qh7+ {[%clk 0:00:50]}  Kf8 {[%clk 0:02:56]} 93. Qh8+ {[%clk 0:00:51]}  Ke7 {[%clk 0:03:25]} 94. Qg7+ {[%clk 0:01:14]}  Qf7 {[%clk 0:03:49]} 95. Qg4 {[%clk 0:01:08]}  Qb3 {[%clk 0:03:58]} 96. Qg7+ {[%clk 0:01:30]}  Ke6 {[%clk 0:04:15]} 97. Qg8+ {[%clk 0:01:46]}  Ke5 {[%clk 0:04:19]} 98. Qe8+ {[%clk 0:01:53]}  Kd4 {[%clk 0:03:42]} 99. Qe4+ {[%clk 0:01:10]}  Kc5 {[%clk 0:03:55]} 100. Qe7+ {[%clk 0:01:33]}  Kc4 {[%clk 0:03:57]} 101. Qxf6 {[%clk 0:01:23]}  a3 {[%clk 0:04:11]} 102. Qc6+ {[%clk 0:00:37]}  Kb4 {[%clk 0:04:22]} 103. Qb6+ {[%clk 0:00:32]}  Kc3 {[%clk 0:04:50]} 104. Qf6+ {[%clk 0:00:44]}  Kc2 {[%clk 0:05:19]} 105. Kg3 {[%clk 0:00:45]}  a2 {[%clk 0:05:19]} 106. Qf5+ {[%clk 0:00:38]}  Kb2 {[%clk 0:04:41]} 107. Qe5+ {[%clk 0:00:49]}  Qc3 {[%clk 0:05:01]} 108. Qb5+ {[%clk 0:00:45]}  Qb3 {[%clk 0:04:19]} 109. Qe2+ {[%clk 0:00:50]}  Ka3 {[%clk 0:04:14]} 110. Qa6+ {[%clk 0:01:01]}  Qa4 {[%clk 0:04:40]} 111. Qd3+ {[%clk 0:01:16]}  Kb2 {[%clk 0:04:19]} 112. Qd2+ {[%clk 0:01:04]}  Qc2 {[%clk 0:04:29]} 113. Qb4+ {[%clk 0:01:22]}  Kc1 {[%clk 0:04:38]} 114. Qe1+ {[%clk 0:00:56]}  Qd1 {[%clk 0:05:05]} 115. Qc3+ {[%clk 0:00:51]}  Qc2 {[%clk 0:05:20]} 116. Qe1+ {[%clk 0:01:05]}  Kb2 {[%clk 0:05:49]} 117. Qb4+ {[%clk 0:01:22]}  Qb3 {[%clk 0:06:17]} 118. Qd2+ {[%clk 0:01:35]}  Kb1 {[%clk 0:06:35]} 119. Qe1+ {[%clk 0:01:55]}  Kc2 {[%clk 0:07:02]} 120. Qe2+ {[%clk 0:02:09]}  Kc3 {[%clk 0:07:21]} 121. Qe3+ {[%clk 0:02:00]}  Kb4 {[%clk 0:07:42]} 122. Qb6+ {[%clk 0:02:20]}  Kc4 {[%clk 0:07:48]} 123. Qc6+ {[%clk 0:02:29]}  Kd3 {[%clk 0:08:05]} 124. Qe4+ {[%clk 0:02:42]}  Kd2 {[%clk 0:08:27]} 125. Qd4+ {[%clk 0:02:43]}  Ke2 {[%clk 0:08:31]} 126. Qf2+ {[%clk 0:01:09]}  Kd3 {[%clk 0:08:43]} 127. Qf1+ {[%clk 0:01:28]}  Kd4 {[%clk 0:08:30]} 128. Qf2+ {[%clk 0:01:27]}  Ke5 {[%clk 0:06:20]} 129. Qc5+ {[%clk 0:01:37]}  Qd5 {[%clk 0:06:34]} 130. Qe7+ {[%clk 0:00:38]}  Qe6 {[%clk 0:06:34]} 131. Qc5+ {[%clk 0:00:35]}  Kf6 {[%clk 0:06:54]} 132. Qf8+ {[%clk 0:00:43]}  Kg6 {[%clk 0:07:17]} 133. Qa8 {[%clk 0:00:32]}  Qe1+ {[%clk 0:07:33]} 0-1

[Event "9 Round Open"]
[Site "Enniscrone, Sligo, IE"]
[Date "2026.02.03"]
[Round "2"]
[White "Ribeiro, Gustavo"]
[Black "Woods, Yannick"]
[Result "1-0"]
[Board "6"]
[WhiteFideId "1941852"]
[BlackFideId "2518384"]
[WhiteTitle "FM"]
[WhiteElo "2276"]
[BlackElo "1971"]
[WhiteTeam "POR"]
[BlackTeam "IRL"]
[WhiteClock "0:57:13"]
[BlackClock "0:14:17"]
[Variant "Standard"]

1. c4 {[%clk 1:30:47]}  Nf6 {[%clk 1:29:48]} 2. Nc3 {[%clk 1:30:31]}  e5 {[%clk 1:29:01]} 3. g3 {[%clk 1:30:39]}  d5 {[%clk 1:28:30]} 4. cxd5 {[%clk 1:31:02]}  Nxd5 {[%clk 1:28:58]} 5. Bg2 {[%clk 1:31:16]}  Be6 {[%clk 1:27:27]} 6. Nf3 {[%clk 1:31:12]}  Nc6 {[%clk 1:22:58]} 7. O-O {[%clk 1:31:27]}  Be7 {[%clk 1:22:14]} 8. d4 {[%clk 1:27:25]}  exd4 {[%clk 1:17:15]} 9. Nxd4 {[%clk 1:27:49]}  Nxd4 {[%clk 1:06:33]} 10. Qxd4 {[%clk 1:28:12]}  Nxc3 {[%clk 0:50:03]} 11. Qxc3 {[%clk 1:28:27]}  O-O {[%clk 0:44:37]} 12. Bxb7 {[%clk 1:25:26]}  Rb8 {[%clk 0:43:34]} 13. Bf3 {[%clk 1:22:18]}  Bf6 {[%clk 0:41:13]} 14. Qc2 {[%clk 1:11:07]}  Rb4 {[%clk 0:35:51]} 15. b3 {[%clk 0:58:05]}  Rd4 {[%clk 0:26:29]} 16. Be3 {[%clk 0:56:40]}  Rd7 {[%clk 0:25:48]} 17. Rac1 {[%clk 0:56:27]}  a5 {[%clk 0:23:53]} 18. Bf4 {[%clk 0:56:21]}  Qe7 {[%clk 0:23:48]} 19. Qc5 {[%clk 0:55:58]}  a4 {[%clk 0:23:27]} 20. bxa4 {[%clk 0:56:10]}  Qxc5 {[%clk 0:22:20]} 21. Rxc5 {[%clk 0:56:34]}  Rd4 {[%clk 0:22:43]} 22. a5 {[%clk 0:56:41]}  Ra4 {[%clk 0:23:12]} 23. Bxc7 {[%clk 0:56:51]}  Bd4 {[%clk 0:21:04]} 24. Rc6 {[%clk 0:56:23]}  Rc8 {[%clk 0:19:19]} 25. Bb6 {[%clk 0:56:30]}  Bc3 {[%clk 0:16:11]} 26. Rxc8+ {[%clk 0:56:11]}  Bxc8 {[%clk 0:16:40]} 27. Rc1 {[%clk 0:56:32]}  Ra3 {[%clk 0:15:59]} 28. Bc5 {[%clk 0:56:50]}  Rxa2 {[%clk 0:14:36]} 29. Rxc3 {[%clk 0:57:10]}  Bh3 {[%clk 0:15:00]} 30. Be3 {[%clk 0:57:27]}  Ra1+ {[%clk 0:15:14]} 31. Rc1 {[%clk 0:57:51]}  Rxa5 {[%clk 0:15:37]} 32. g4 {[%clk 0:57:46]}  f5 {[%clk 0:15:22]} 33. Bd2 {[%clk 0:57:48]}  Ra4 {[%clk 0:15:33]} 34. gxf5 {[%clk 0:56:50]}  Kh8 {[%clk 0:14:17]} 35. Rc8# {[%clk 0:57:13]} 1-0